Biochemical aspects of plant physiology: Technology and methodology (Record no. 74663)

MARC details
000 -LEADER
fixed length control field 00674nam a22001457a 4500
020 ## - INTERNATIONAL STANDARD BOOK NUMBER
ISBN 978-93-83305-90-2
082 ## - DEWEY DECIMAL CLASSIFICATION NUMBER
Classification number 581.13
Item number BHA
100 ## - MAIN ENTRY--AUTHOR NAME
Personal name BHATTACHARYA (Amitav)
-- VIJAYLAXMI
245 ## - TITLE STATEMENT
Title Biochemical aspects of plant physiology: Technology and methodology
260 ## - PUBLICATION, DISTRIBUTION, ETC. (IMPRINT)
Place of publication New Delhi
Name of publisher New India Publishing Agency
Year of publication 2016
300 ## - PHYSICAL DESCRIPTION
Number of Pages 588p.
500 ## - GENERAL NOTE
General note Purchased from M/s Satish Serial Publications, Delhi Inv No SSP:2021-22/515 dated 17.03.2022 for Rs 4,239.00 for 2 books
650 ## - SUBJECT ADDED ENTRY--TOPICAL TERM
Topical Term Polymerase Chain reaction
-- Radio tracer technique
-- carbon assimilation
-- Nitrogen assimilation
-- Plant nutrition
-- Plant growth hormones
-- Plant vitamines
-- Plant pigments
942 ## - ADDED ENTRY ELEMENTS (KOHA)
Koha item type Books

No items available.